Sport - Joueurs de tennis par images - Statistiques

Statistiques générales
  • Ce quiz a été pris 193 fois
  • Le résultat moyen est 12 sur 16
Statistiques - réponses
Par images Hint Réponse % Correct
Espagnole Carlos Alcaraz
99%
Italienne Jannik Sinner
99%
Serbe Novak Djokovic
98%
Biélorusse Aryna Sabalenka
95%
Allemande Alexander Zverev
92%
Polonaise Iga Świątek
91%
Américaine Coco Gauff
90%
Américaine Ben Shelton
76%
Américaine Taylor Fritz
74%
Italienne Jasmine Paolini
65%
Italienne Lorenzo Musetti
64%
Britannique Jack Draper
62%
Américaine Jessica Pegula
58%
Russe Mirra Andreeva
58%
Américaine Madison Keys
43%
Chinoise Qinwen Zheng
43%
Aucun quiz correspondant
Distribution des résultats
% des personnes avec chaque résultat
Percentile par nombre de réponses
Votre historique - résultats
Vous n’avez pas pris ce quiz